000 00643cab a2200205 4500
001 ABS40154
008 090401t1988 xxu||||| |||| 00| 0 eng d
035 _a(Sirsi) u21790
041 _aeng
100 _aGoodman, M.
245 _aEstate agencies face a future in institutions
260 _c1988
350 _a0
490 _aMoney Week
_v(88) 14 December 1988, 8(1)
520 _aReports on the increase in tied estate agencies over the past year and gives an estate agency league table .
650 _aFINANCIAL INSTITUTIONS
690 _aMANAGEMENT-BUSINESS MANAGEMENT-PROFESSIONAL PRACTICE
942 _n0
948 _c04/03/1997
999 _c14607
_d14607